00524nam a2200181Ia 450000500170000000800410001702000180005804000180007604100080009408200190010224500550012125000120017626000420018830000280023065000250025865000340028365000250031720220728124050.0210716s2010 xx 000 0 und d a9789350040270 cAIMIT LIBRARY aeng a005.2764 KOGE aASP.net 4.0 : bcovers c# 2010 and vb 2010 codes / a1st ed. aNew Delhi :bDreamtech Press ,c2010. axxxii, 1670p. ;c23 cm. aASP.NET 4.0 controls aAccessing data in ASP.NET 4.0 aMiscellaneous topics